000 00984nam a22002177a 4500
999 _c59917
_d59917
003 Ge_BSU
005 20230510143931.0
008 230510s1990 ge ||||| |||| 00| 0 geo d
041 _ageo
080 _a7.01+1(44) ტ-46
100 _aტენი, იპოლიტ
_918071
245 _aხელოვნების ფილოსოფია /
_cიპოლიტ ტენი ; [ფრანგ. თარგმნა ივ. მაჭავარიანმა].
264 _aთბილისი :
_bსაქართველო,
_c1990.
300 _a80 გვ. ;
_b20 სმ.
504 _aშენიშვნები: გვ. 73-78
653 _aხელოვნების ფილოსოფია
653 _aფრანგული ფილოსოფია
653 _aფრანგული ესთეტიკა
700 _aმაჭავარიანი, ივ.
_eმთარგმნელი
_918072
942 _2udc
_cBK